Statistiques concernant Paroles - Thérapie Taxi - Transatlantique

Cliquez ici pour prendre le quiz!

Statistiques générales

  • Ce quiz a été pris 13 fois
  • Le résultat moyen est 101 sur 175

Statistiques - réponses

Paroles% Correct
s'
89%
d'
78%
de
78%
et
78%
Et
78%
Je
78%
l'
78%
la
78%
La
78%
78%
le
78%
Le
78%
un
78%
au
67%
Au
67%
avec
67%
jour
67%
les
67%
plus
67%
Plus
67%
qu'
67%
Qui
67%
qui
67%
soleil
67%
ta
67%
toi
67%
une
67%
atmosphère
56%
besoin
56%
Brésil
56%
corps
56%
courir
56%
dire
56%
en
56%
humide
56%
idylle
56%
île
56%
océan
56%
on
56%
or
56%
paisible
56%
passage
56%
pluie
56%
sans
56%
son
56%
sur
56%
te
56%
temps
56%
ton
56%
tout
56%
tu
56%
âge
44%
amants
44%
dans
44%
eau
44%
écarlate
44%
écrire
44%
engloutit
44%
gens
44%
jungle
44%
juste
44%
moi
44%
nage
44%
néant
44%
nettoie
44%
peau
44%
que
44%
sentir
44%
arbres
33%
arrive
33%
bas
33%
éclate
33%
élève
33%
encore
33%
fumée
33%
jonchées
33%
miroir
33%
Napalm
33%
pagaille
33%
Parcours
33%
pour
33%
regarde
33%
ris
33%
rives
33%
sort
33%
vois
33%
au Brésil
22%
embrase
22%
froid
22%
Viens
22%
voir
22%

Distribution des résultats

Percentile par nombre de réponses

% des personnes avec chaque résultat

Votre développement - résultats

Vous n’avez pas pris ce quiz